[Event "GBR-ch108 Major Open"]
[Site "Torquay"]
[Date "2022.08.17"]
[Round "5"]
[White "Gamal, Alaa"]
[Black "Tye, Jack"]
[Result "1-0"]
[WhiteElo "1690"]
[BlackElo "1428"]
[PlyCount "66"]
[EventDate "2022.08.13"]
[EventType "swiss"]
[EventRounds "9"]
[EventCountry "GBR"]
[SourceTitle "BritBase"]
[Source "John Saunders"]
[SourceDate "2021.06.05"]
[SourceVersion "1"]
[SourceVersionDate "2021.06.05"]
[SourceQuality "1"]

1. d4 d5 2. Nf3 c6 3. c4 Bf5 4. Qb3 Qb6 5. Qxb6 axb6 6. cxd5 Bxb1 7. Rxb1 Rxa2
8. dxc6 bxc6 9. e4 e6 10. Bd2 Nf6 11. Bd3 Be7 12. O-O O-O 13. Rfe1 Nbd7 14. d5
Nc5 15. Bc4 Ra4 16. b3 Ra7 17. d6 Bd8 18. e5 Nd5 19. Nd4 Ra2 20. Red1 Ne4 21.
Be1 c5 22. Nb5 f6 23. Rxd5 exd5 24. Bxd5+ Kh8 25. Bxe4 fxe5 26. Rd1 Rb2 27. Bd5
e4 28. Nc7 e3 29. fxe3 Bg5 30. Bc4 Bxe3+ 31. Kh1 b5 32. d7 Bd2 33. Rxd2 Rb1 1-0

[Event "GBR-ch108 Major Open"]
[Site "Torquay"]
[Date "2022.08.17"]
[Round "5"]
[White "Headlong, Georgia"]
[Black "Taylor, William J"]
[Result "1/2-1/2"]
[WhiteElo "1417"]
[BlackElo "1936"]
[PlyCount "132"]
[EventDate "2022.08.13"]
[EventType "swiss"]
[EventRounds "9"]
[EventCountry "GBR"]
[SourceTitle "BritBase"]
[Source "John Saunders"]
[SourceDate "2021.06.05"]
[SourceVersion "1"]
[SourceVersionDate "2021.06.05"]
[SourceQuality "1"]

1. e4 e5 2. Nf3 Nc6 3. Nc3 Nf6 4. Bb5 Bb4 5. O-O O-O 6. d3 Bxc3 7. bxc3 d6 8.
Bg5 Qe7 9. Bxc6 bxc6 10. Re1 Qe6 11. d4 Nd7 12. Nh4 f6 13. Bd2 Nb6 14. Nf5 Nc4
15. Qg4 g6 16. Bh6 Rf7 17. Qg3 Kh8 18. Ne3 Ba6 19. Nxc4 Bxc4 20. a4 a5 21. Rab1
Ba6 22. Rb2 g5 23. Reb1 Rg8 24. Rb8 Bc8 25. Ra8 Re7 26. Rbb8 exd4 27. Qf3 Ree8
28. h3 Rg6 29. Qg4 Qxg4 30. hxg4 Rgg8 31. cxd4 Rd8 32. f4 gxf4 33. Kf2 Rge8 34.
Bxf4 Kg7 35. Ke3 Kf7 36. Rxa5 Bxg4 37. Rxd8 Rxd8 38. Ra7 Bd7 39. Rxc7 Ke7 40.
Ra7 Rb8 41. Kd3 Rb1 42. a5 h5 43. g3 d5 44. exd5 cxd5 45. Ra8 Ra1 46. Kc3 Bb5
47. Kb4 Bc4 48. Rh8 Ra2 49. c3 Rb2+ 50. Kc5 Rb5+ 51. Kc6 Rxa5 52. Rxh5 Ra6+ 53.
Kc7 Ke6 54. Rh1 Ra7+ 55. Kb6 Ra6+ 56. Kc7 Kf5 57. Re1 Kg4 58. Re3 Kh3 59. Kb7
Kg2 60. Kc7 Kf2 61. Kb7 Kf1 62. Kc7 Kg1 63. Kb7 Kf2 64. Kc7 Ra7+ 65. Kd6 Ra6+
66. Ke7 Rb6 1/2-1/2

[Event "GBR-ch108 Major Open"]
[Site "Torquay"]
[Date "2022.08.17"]
[Round "5"]
[White "Willow, Hambel M"]
[Black "Latypova, Olga L"]
[Result "0-1"]
[WhiteElo "1585"]
[BlackElo "1353"]
[PlyCount "70"]
[EventDate "2022.08.13"]
[EventType "swiss"]
[EventRounds "9"]
[EventCountry "GBR"]
[SourceTitle "BritBase"]
[Source "John Saunders"]
[SourceDate "2021.06.05"]
[SourceVersion "1"]
[SourceVersionDate "2021.06.05"]
[SourceQuality "1"]

1. d4 Nf6 2. c4 g6 3. Nc3 d5 4. cxd5 Nxd5 5. e4 Nxc3 6. bxc3 Bg7 7. Nf3 c5 8.
Bb5+ Bd7 9. Bxd7+ Nxd7 10. O-O O-O 11. Be3 Qa5 12. Qb3 cxd4 13. cxd4 b5 14.
Rac1 Rac8 15. Ng5 Nb6 16. Rxc8 Nxc8 17. d5 Nd6 18. Bc5 h6 19. Nf3 Re8 20. e5
Nc4 21. d6 exd6 22. exd6 Rd8 23. Rd1 Qa6 24. Qb4 Qc6 25. a4 a6 26. a5 Bf8 27.
Nd4 Qb7 28. Nb3 Qc7 29. Rc1 Bxd6 30. Bxd6 Qxd6 31. Qxd6 Rxd6 32. Kf1 Kf8 33.
Ke2 Ke7 34. Rc2 Kd7 35. Kf3 Rd3+ 0-1

[Event "GBR-ch108 Major Open"]
[Site "Torquay"]
[Date "2022.08.17"]
[Round "5"]
[White "Liu, Jacob"]
[Black "Karski, Sebastian"]
[Result "0-1"]
[WhiteElo "1269"]
[BlackElo "1800"]
[PlyCount "70"]
[EventDate "2022.08.13"]
[EventType "swiss"]
[EventRounds "9"]
[EventCountry "GBR"]
[SourceTitle "BritBase"]
[Source "John Saunders"]
[SourceDate "2021.06.05"]
[SourceVersion "1"]
[SourceVersionDate "2021.06.05"]
[SourceQuality "1"]

1. e4 e6 2. d4 d5 3. Nd2 Nf6 4. e5 Nfd7 5. Bd3 c5 6. c3 Nc6 7. Ne2 cxd4 8. cxd4
f6 9. exf6 Nxf6 10. O-O Bd6 11. Kh1 O-O 12. f4 Nh5 13. g3 Bd7 14. Nf3 Rc8 15.
Nc3 a6 16. Ne5 Nf6 17. Be3 b5 18. Qc2 b4 19. Bxa6 bxc3 20. Bxc8 Qxc8 21. Qxc3
Ne4 22. Qb3 Na5 23. Qd3 Qe8 24. Qa6 Bxe5 25. fxe5 Rxf1+ 26. Rxf1 Bb5 27. Qxa5
Bxf1 28. Qb6 h6 29. Kg1 Qf7 30. Bf4 g5 31. Kxf1 gxf4 32. Qd8+ Kh7 33. g4 f3 34.
a4 f2 35. Qa5 Qf3 0-1

[Event "GBR-ch108 Major Open"]
[Site "Torquay"]
[Date "2022.08.17"]
[Round "5"]
[White "Cox, Lucian"]
[Black "Ashworth, Robert"]
[Result "0-1"]
[WhiteElo "1295"]
[BlackElo "1581"]
[PlyCount "88"]
[EventDate "2022.08.13"]
[EventType "swiss"]
[EventRounds "9"]
[EventCountry "GBR"]
[SourceTitle "BritBase"]
[Source "John Saunders"]
[SourceDate "2021.06.05"]
[SourceVersion "1"]
[SourceVersionDate "2021.06.05"]
[SourceQuality "1"]

1. e4 e5 2. Nf3 Nc6 3. d4 exd4 4. Bc4 Bc5 5. c3 Nf6 6. e5 d5 7. Bb5 Ne4 8. cxd4
Bb4+ 9. Bd2 Bxd2+ 10. Nbxd2 O-O 11. Bxc6 bxc6 12. O-O c5 13. dxc5 Nxc5 14. Qc2
Ne6 15. Nb3 Ba6 16. Rfd1 Qd7 17. Rac1 Nf4 18. Nbd4 Qg4 19. g3 c5 20. Qf5 Qxf5
21. Nxf5 Ne2+ 22. Kg2 Nxc1 23. Rxc1 Rab8 24. Rxc5 Rxb2 25. Ra5 Bc4 26. Rxa7
Rxa2 27. Rxa2 Bxa2 28. N3d4 Rb8 29. f4 Rb2+ 30. Kh3 g6 31. Nh6+ Kg7 32. Ng4 Rb4
33. Nc6 Rc4 34. Ne7 d4 35. f5 gxf5 36. Nxf5+ Kf8 37. Nf6 d3 38. Nxh7+ Ke8 39.
Nf6+ Kd8 40. Ne3 Rc1 41. Nfg4 Be6 42. Kh4 Bxg4 43. Kxg4 d2 44. h4 Re1 0-1

[Event "GBR-ch108 Major Open"]
[Site "Torquay"]
[Date "2022.08.18"]
[Round "6"]
[White "Dignam, Matthew"]
[Black "James, Russell A"]
[Result "1/2-1/2"]
[WhiteElo "2080"]
[BlackElo "2033"]
[PlyCount "53"]
[EventDate "2022.08.13"]
[EventType "swiss"]
[EventRounds "9"]
[EventCountry "GBR"]
[SourceTitle "BritBase"]
[Source "John Saunders"]
[SourceDate "2021.06.05"]
[SourceVersion "1"]
[SourceVersionDate "2021.06.05"]
[SourceQuality "1"]

1. e4 c5 2. Nf3 d6 3. d4 cxd4 4. Nxd4 Nf6 5. Nc3 a6 6. Rg1 h5 7. h3 h4 8. Bg5
Nc6 9. Qd2 e6 10. O-O-O Bd7 11. g4 Be7 12. Be3 Nxd4 13. Qxd4 e5 14. Qd3 Rc8 15.
g5 Rxc3 16. bxc3 Nh5 17. g6 Be6 18. gxf7+ Kxf7 19. f4 exf4 20. e5 Rh6 21. Be2
fxe3 22. Bxh5+ Kg8 23. exd6 Bg5 24. Be2 Qa5 25. c4 Qxa2 26. Qb3 Qa1+ 27. Qb1
1/2-1/2

[Event "GBR-ch108 Major Open"]
[Site "Torquay"]
[Date "2022.08.18"]
[Round "6"]
[White "Merriman, James"]
[Black "Ogunshola, Ben"]
[Result "0-1"]
[WhiteElo "1683"]
[BlackElo "2140"]
[PlyCount "108"]
[EventDate "2022.08.13"]
[EventType "swiss"]
[EventRounds "9"]
[EventCountry "GBR"]
[SourceTitle "BritBase"]
[Source "John Saunders"]
[SourceDate "2021.06.05"]
[SourceVersion "1"]
[SourceVersionDate "2021.06.05"]
[SourceQuality "1"]

1. d4 g6 2. c4 Bg7 3. e4 d6 4. Nc3 e5 5. d5 a5 6. Nge2 Na6 7. Ng3 Qh4 8. Be2
Bd7 9. Be3 Bh6 10. Qd2 Bxe3 11. Qxe3 Qh6 12. Nd1 Nc5 13. O-O Qf4 14. f3 Nh6 15.
Qxf4 exf4 16. Nh1 f5 17. Nhf2 O-O 18. Nc3 Rae8 19. Rfe1 Nf7 20. b3 Ne5 21. Rad1
Rf7 22. Nd3 fxe4 23. Nxc5 exf3 24. Nxd7 fxe2 25. Rxe2 Rxd7 26. Ne4 Kg7 27. Rf1
Rf7 28. Ng5 Nf3+ 29. Rxf3 Rxe2 30. Nxf7 Kxf7 31. Rxf4+ Kg7 32. Rf2 Re1+ 33. Rf1
Re3 34. Kf2 Rc3 35. Re1 Kf6 36. Re6+ Kf7 37. Re3 Rc2+ 38. Re2 Rc1 39. Re1 Rc2+
40. Re2 Rc1 41. Re1 Rxe1 42. Kxe1 Kf6 43. Ke2 Ke5 44. Ke3 Kf5 45. a3 Ke5 46. b4
axb4 47. axb4 b5 48. cxb5 Kxd5 49. Kd3 Ke5 50. Ke3 d5 51. Kd3 d4 52. g3 Kd5 53.
h3 h6 54. h4 h5 0-1

[Event "GBR-ch108 Major Open"]
[Site "Torquay"]
[Date "2022.08.18"]
[Round "6"]
[White "Smith, Andrew Philip"]
[Black "Larkin, Benjamin"]
[Result "1/2-1/2"]
[WhiteElo "2073"]
[BlackElo "1311"]
[PlyCount "67"]
[EventDate "2022.08.13"]
[EventType "swiss"]
[EventRounds "9"]
[EventCountry "GBR"]
[SourceTitle "BritBase"]
[Source "John Saunders"]
[SourceDate "2021.06.05"]
[SourceVersion "1"]
[SourceVersionDate "2021.06.05"]
[SourceQuality "1"]

1. e4 c6 2. d4 d5 3. e5 c5 4. c4 cxd4 5. Nf3 Nc6 6. Nxd4 e6 7. Nc3 Bb4 8. Nxc6
bxc6 9. Qa4 a5 10. Be2 d4 11. a3 Bb7 12. Qc2 dxc3 13. axb4 axb4 14. Rxa8 Qxa8
15. bxc3 bxc3 16. O-O c5 17. f3 Qa5 18. Be3 Ne7 19. Rb1 Ba6 20. Bd3 O-O 21. Qc1
Rd8 22. Ra1 Qb6 23. Qxc3 Nc6 24. f4 Bb7 25. Rb1 Nb4 26. Be2 Be4 27. Rd1 Rxd1+
28. Bxd1 Nd3 29. Qb3 Qxb3 30. Bxb3 Nb2 31. Bc1 Nd3 32. Be3 Nb2 33. Bc1 Nd3 34.
Be3 1/2-1/2

[Event "GBR-ch108 Major Open"]
[Site "Torquay"]
[Date "2022.08.18"]
[Round "6"]
[White "Leslie, Alex"]
[Black "Saunders, Aron"]
[Result "1/2-1/2"]
[WhiteElo "1827"]
[BlackElo "1517"]
[PlyCount "57"]
[EventDate "2022.08.13"]
[EventType "swiss"]
[EventRounds "9"]
[EventCountry "GBR"]
[SourceTitle "BritBase"]
[Source "John Saunders"]
[SourceDate "2021.06.05"]
[SourceVersion "1"]
[SourceVersionDate "2021.06.05"]
[SourceQuality "1"]

1. d4 d5 2. c4 c6 3. Nf3 Nf6 4. e3 e6 5. Nc3 Nbd7 6. Qc2 Bd6 7. b3 O-O 8. Be2
e5 9. cxd5 cxd5 10. Nb5 Bb4+ 11. Bd2 Bxd2+ 12. Nxd2 e4 13. O-O Nb6 14. a4 Bd7
15. a5 Bxb5 16. Bxb5 Nc8 17. b4 Nd6 18. Qa4 Nf5 19. Rfc1 Qd6 20. Rc5 Rac8 21.
Rac1 Ne7 22. Nf1 a6 23. Be2 Nd7 24. Rxc8 Rxc8 25. Rxc8+ Nxc8 26. Bg4 b5 27.
axb6 Ncxb6 28. Qxa6 Nf6 29. Be2 1/2-1/2

[Event "GBR-ch108 Major Open"]
[Site "Torquay"]
[Date "2022.08.18"]
[Round "6"]
[White "Thatte, Nishchal"]
[Black "Midhun, P U."]
[Result "0-1"]
[WhiteElo "1850"]
[BlackElo "1965"]
[PlyCount "98"]
[EventDate "2022.08.13"]
[EventType "swiss"]
[EventRounds "9"]
[EventCountry "GBR"]
[SourceTitle "BritBase"]
[Source "John Saunders"]
[SourceDate "2021.06.05"]
[SourceVersion "1"]
[SourceVersionDate "2021.06.05"]
[SourceQuality "1"]

1. d4 Nf6 2. Nf3 e6 3. g3 b5 4. a4 b4 5. Bg2 Bb7 6. c4 a5 7. O-O Be7 8. Nbd2
O-O 9. Qc2 c5 10. e4 cxd4 11. e5 Ng4 12. h3 Nh6 13. Nxd4 Bxg2 14. Kxg2 f5 15.
exf6 Bxf6 16. N2f3 Nf7 17. Rd1 Qc8 18. Be3 Na6 19. Kg1 Qb7 20. Nd2 Rac8 21.
Rac1 e5 22. N4b3 d5 23. Nxa5 Qd7 24. Ne4 d4 25. Bd2 Bd8 26. Nb3 Qxh3 27. Qd3
Rc6 28. Qf1 Qe6 29. Qg2 Rxc4 30. Nec5 Nxc5 31. Nxc5 Rxc1 32. Rxc1 Qa2 33. Bxb4
Ng5 34. Ba3 Nf3+ 35. Kf1 Be7 36. Qh3 Ng5 37. Qd7 Qf7 38. Rc2 Rd8 39. Qg4 d3 40.
Rc1 Qd5 41. Qh4 h6 42. Nxd3 Qxd3+ 43. Kg2 Bxa3 44. bxa3 Qf3+ 45. Kg1 e4 46. Rf1
Rd2 47. Qh1 e3 48. Qg2 e2 49. Re1 Rd1 0-1

[Event "GBR-ch108 Major Open"]
[Site "Torquay"]
[Date "2022.08.18"]
[Round "6"]
[White "Pert, Nina"]
[Black "Shaw, Peter"]
[Result "0-1"]
[WhiteElo "1553"]
[BlackElo "2117"]
[PlyCount "74"]
[EventDate "2022.08.13"]
[EventType "swiss"]
[EventRounds "9"]
[EventCountry "GBR"]
[SourceTitle "BritBase"]
[Source "John Saunders"]
[SourceDate "2021.06.05"]
[SourceVersion "1"]
[SourceVersionDate "2021.06.05"]
[SourceQuality "1"]

1. e4 d6 2. d4 Nf6 3. Nc3 c6 4. Nf3 Bg4 5. Be2 e6 6. Be3 d5 7. e5 Nfd7 8. O-O
c5 9. Qd2 Nc6 10. Rfe1 Bxf3 11. Bxf3 cxd4 12. Bxd4 Nxd4 13. Qxd4 Bc5 14. Qg4
O-O 15. Rad1 Qb6 16. Na4 Qb4 17. Nxc5 Qxg4 18. Bxg4 Nxc5 19. Rd4 b5 20. Re3
Rfc8 21. Be2 Na4 22. b3 Nc3 23. Bd3 Nxa2 24. Rh4 h6 25. Rg3 Nc1 26. Bxb5 Rxc2
27. Rhg4 g6 28. Rh3 Ne2+ 29. Bxe2 Rxe2 30. Kf1 Rxe5 31. Rxh6 Rc8 32. g3 Rc1+
33. Kg2 Rc2 34. Kf1 Rf5 35. f4 d4 36. Rgh4 Ra5 37. Rh8+ Kg7 0-1

[Event "GBR-ch108 Major Open"]
[Site "Torquay"]
[Date "2022.08.18"]
[Round "6"]
[White "Koiza, Peter"]
[Black "Kumar, Sanjit S"]
[Result "1-0"]
[WhiteElo "1781"]
[BlackElo "1534"]
[PlyCount "61"]
[EventDate "2022.08.13"]
[EventType "swiss"]
[EventRounds "9"]
[EventCountry "GBR"]
[SourceTitle "BritBase"]
[Source "John Saunders"]
[SourceDate "2021.06.05"]
[SourceVersion "1"]
[SourceVersionDate "2021.06.05"]
[SourceQuality "1"]

1. c4 c6 2. d4 d5 3. Nf3 Nf6 4. Qc2 g6 5. Bf4 Bf5 6. Qb3 Qb6 7. e3 Nbd7 8. Nc3
Qxb3 9. axb3 Bc2 10. cxd5 cxd5 11. Nb5 Kd8 12. Ng5 e5 13. Nxf7+ Ke7 14. Nxe5 a6
15. Bd3 Rc8 16. Nc3 Bxb3 17. O-O Nxe5 18. dxe5 Nh5 19. Bg5+ Ke6 20. g4 Ng7 21.
Bf6 Rg8 22. Ne2 Bc4 23. Bxc4 Rxc4 24. h3 Kf7 25. Rfd1 Ne8 26. Bd8 g5 27. Rxd5
Rc2 28. Nd4 Rxb2 29. e6+ Kg7 30. e7 h6 31. Ne6+ 1-0

[Event "GBR-ch108 Major Open"]
[Site "Torquay"]
[Date "2022.08.18"]
[Round "6"]
[White "Novak, Vjekoslav"]
[Black "Johnson, Paul A"]
[Result "1/2-1/2"]
[WhiteElo "1663"]
[BlackElo "1827"]
[PlyCount "55"]
[EventDate "2022.08.13"]
[EventType "swiss"]
[EventRounds "9"]
[EventCountry "GBR"]
[SourceTitle "BritBase"]
[Source "John Saunders"]
[SourceDate "2021.06.05"]
[SourceVersion "1"]
[SourceVersionDate "2021.06.05"]
[SourceQuality "1"]

1. f4 d5 2. Nf3 Nf6 3. e3 e6 4. b3 Be7 5. Be2 c5 6. Bb2 Nc6 7. O-O O-O 8. Ne5
d4 9. Nxc6 bxc6 10. Na3 Qd7 11. Nc4 Rd8 12. Bd3 Ba6 13. Ne5 Qb7 14. Bxa6 Qxa6
15. Qf3 Rac8 16. e4 Rc7 17. d3 Qc8 18. Rf2 Nd7 19. Ng4 f5 20. exf5 exf5 21. Ne5
Nxe5 22. fxe5 g6 23. Bc1 Qe6 24. Qg3 Rd5 25. Bf4 Rc8 26. Re1 Re8 27. Rfe2 Bd8
28. Bd2 1/2-1/2

[Event "GBR-ch108 Major Open"]
[Site "Torquay"]
[Date "2022.08.18"]
[Round "6"]
[White "Jakhria, Kushal"]
[Black "Cordova-Lopez, Diego Anton"]
[Result "1-0"]
[WhiteElo "1367"]
[BlackElo "1471"]
[PlyCount "41"]
[EventDate "2022.08.13"]
[EventType "swiss"]
[EventRounds "9"]
[EventCountry "GBR"]
[SourceTitle "BritBase"]
[Source "John Saunders"]
[SourceDate "2021.06.05"]
[SourceVersion "1"]
[SourceVersionDate "2021.06.05"]
[SourceQuality "1"]

1. d4 e6 2. c4 b6 3. g3 Bb7 4. Nf3 Bb4+ 5. Bd2 Bxf3 6. exf3 Bxd2+ 7. Nxd2 Nc6
8. d5 exd5 9. cxd5 Qe7+ 10. Ne4 Nb4 11. Be2 f5 12. Nc3 Kd8 13. O-O a5 14. a3
Na6 15. Bxa6 Rxa6 16. Qd3 Ra8 17. Qxf5 d6 18. Nb5 Qd7 19. Qf8+ Qe8 20. Qxe8+
Kxe8 21. Nxc7+ 1-0

[Event "GBR-ch108 Major Open"]
[Site "Torquay"]
[Date "2022.08.18"]
[Round "6"]
[White "Kumar, Soham"]
[Black "Alldritt, Nigel R E"]
[Result "0-1"]
[WhiteElo "1368"]
[BlackElo "2049"]
[PlyCount "108"]
[EventDate "2022.08.13"]
[EventType "swiss"]
[EventRounds "9"]
[EventCountry "GBR"]
[SourceTitle "BritBase"]
[Source "John Saunders"]
[SourceDate "2021.06.05"]
[SourceVersion "1"]
[SourceVersionDate "2021.06.05"]
[SourceQuality "1"]

1. e4 e6 2. d4 d5 3. Nc3 Bb4 4. e5 c5 5. a3 Bxc3+ 6. bxc3 Ne7 7. Qg4 O-O 8. Nf3
Qa5 9. Bd2 c4 10. Be2 Nbc6 11. O-O f6 12. h4 fxe5 13. Nxe5 Nxe5 14. dxe5 Nf5
15. Qh3 Qd8 16. Bg5 Qe8 17. g4 Ne7 18. Bxe7 Qxe7 19. f4 Bd7 20. Qg3 Ba4 21. Rf2
Bxc2 22. Bxc4 Be4 23. Bf1 Rac8 24. Bg2 Bxg2 25. Kxg2 Rc4 26. Rf3 Re4 27. Kh3 b6
28. a4 Qe8 29. a5 b5 30. Re3 Rexf4 31. Rd1 Qc6 32. Rdd3 Qc7 33. Rd4 Rxd4 34.
cxd4 Qc1 35. Re1 Qd2 36. Qe3 Qxa5 37. Rc1 Qb6 38. Rc5 b4 39. Qc1 b3 40. Rc8 b2
41. Rxf8+ Kxf8 42. Qc8+ Ke7 43. Qg8 b1=Q 44. Qxg7+ Kd8 45. Qf8+ Kd7 46. Qf7+
Kc8 47. Qe8+ Kb7 48. Qd7+ Ka6 49. Qa4+ Qa5 50. Qc6+ Qbb6 51. Qc8+ Qb7 52. Qxe6+
Qab6 53. Qf5 Qb3+ 54. Kg2 Qb2+ 0-1

[Event "GBR-ch108 Major Open"]
[Site "Torquay"]
[Date "2022.08.18"]
[Round "6"]
[White "Miller, George"]
[Black "Starley, Robert"]
[Result "0-1"]
[WhiteElo "1783"]
[BlackElo "1900"]
[PlyCount "66"]
[EventDate "2022.08.13"]
[EventType "swiss"]
[EventRounds "9"]
[EventCountry "GBR"]
[SourceTitle "BritBase"]
[Source "John Saunders"]
[SourceDate "2021.06.05"]
[SourceVersion "1"]
[SourceVersionDate "2021.06.05"]
[SourceQuality "1"]

1. c4 e6 2. Nc3 d5 3. d4 Nf6 4. cxd5 exd5 5. Bg5 c6 6. Qc2 h6 7. Bh4 Be7 8. e3
O-O 9. Bd3 Nbd7 10. Nge2 a5 11. f3 b5 12. O-O Ba6 13. Rae1 b4 14. Nb1 Qb6 15.
Bf2 Rac8 16. Bxa6 Qxa6 17. Qf5 Nb6 18. Nf4 Bd6 19. Bg3 Bb8 20. Nh5 Nxh5 21.
Qxh5 Bxg3 22. hxg3 Rfe8 23. g4 Qd3 24. e4 Qxd4+ 25. Kh1 Re5 26. Qh4 dxe4 27. f4
Ree8 28. g5 e3 29. gxh6 Re6 30. hxg7 Qxg7 31. Kg1 Nd5 32. f5 Rh6 33. Qe4 Qg3
0-1

[Event "GBR-ch108 Major Open"]
[Site "Torquay"]
[Date "2022.08.18"]
[Round "6"]
[White "Sugden, John N"]
[Black "Cox, Toby"]
[Result "1/2-1/2"]
[WhiteElo "2032"]
[BlackElo "1702"]
[PlyCount "59"]
[EventDate "2022.08.13"]
[EventType "swiss"]
[EventRounds "9"]
[EventCountry "GBR"]
[SourceTitle "BritBase"]
[Source "John Saunders"]
[SourceDate "2021.06.05"]
[SourceVersion "1"]
[SourceVersionDate "2021.06.05"]
[SourceQuality "1"]

1. d4 e6 2. c4 f5 3. g3 Nf6 4. Bg2 Bb4+ 5. Bd2 Qe7 6. Nc3 O-O 7. Nf3 d6 8. Qb3
Bxc3 9. Bxc3 c6 10. O-O Ne4 11. Be1 Na6 12. Nd2 Nxd2 13. Bxd2 e5 14. e3 Be6 15.
Qc2 Qc7 16. b4 Rad8 17. Rac1 d5 18. cxd5 Bxd5 19. b5 Nb8 20. dxe5 Qxe5 21. Bc3
Qe6 22. Bxd5 Rxd5 23. bxc6 Nxc6 24. Qb3 Qf7 25. Rcd1 Rfd8 26. Rxd5 Rxd5 27. Rb1
Rd7 28. Kf1 Ne7 29. Qxf7+ Kxf7 30. Ke2 1/2-1/2

[Event "GBR-ch108 Major Open"]
[Site "Torquay"]
[Date "2022.08.18"]
[Round "6"]
[White "Walley, A Clive"]
[Black "Norinkeviciute, Rasa"]
[Result "0-1"]
[WhiteElo "1822"]
[BlackElo "1837"]
[PlyCount "72"]
[EventDate "2022.08.13"]
[EventType "swiss"]
[EventRounds "9"]
[EventCountry "GBR"]
[SourceTitle "BritBase"]
[Source "John Saunders"]
[SourceDate "2021.06.05"]
[SourceVersion "1"]
[SourceVersionDate "2021.06.05"]
[SourceQuality "1"]

1. e4 c5 2. Nf3 d6 3. Bb5+ Bd7 4. Bxd7+ Qxd7 5. c4 g6 6. Nc3 Bg7 7. d4 cxd4 8.
Nxd4 Nf6 9. f3 Nc6 10. Be3 O-O 11. Rc1 Rfc8 12. b3 Qd8 13. Qd2 Qa5 14. Nxc6
bxc6 15. Na4 Qa6 16. O-O Rd8 17. Rfd1 Rd7 18. Qf2 Qa5 19. Rd2 Rad8 20. Rcd1 h6
21. Rd3 Kh7 22. Qd2 Qc7 23. Qe1 Rf8 24. Bd2 Nh5 25. g3 f5 26. Nc5 dxc5 27. Ba5
Rxd3 28. Bxc7 Bd4+ 29. Kg2 Re3 30. Qd2 fxe4 31. fxe4 Ref3 32. Qa5 Rf2+ 33. Kh3
Rc2 34. g4 Rf3+ 35. Bg3 Nf4+ 36. Kh4 g5# 0-1

[Event "GBR-ch108 Major Open"]
[Site "Torquay"]
[Date "2022.08.18"]
[Round "6"]
[White "Gardiner, Eric D"]
[Black "Collins, Jonathan"]
[Result "1/2-1/2"]
[WhiteElo "1915"]
[BlackElo "1740"]
[PlyCount "108"]
[EventDate "2022.08.13"]
[EventType "swiss"]
[EventRounds "9"]
[EventCountry "GBR"]
[SourceTitle "BritBase"]
[Source "John Saunders"]
[SourceDate "2021.06.05"]
[SourceVersion "1"]
[SourceVersionDate "2021.06.05"]
[SourceQuality "1"]

1. e4 Nc6 2. Nf3 e5 3. d4 exd4 4. Nxd4 Bc5 5. Nxc6 Qf6 6. Qf3 Qxf3 7. gxf3 bxc6
8. Nd2 d5 9. Nb3 Bd6 10. Be3 Ne7 11. O-O-O f5 12. Nc5 Kf7 13. Be2 a5 14. h4 a4
15. Rhg1 Rg8 16. exd5 cxd5 17. Bd4 Ra5 18. Nd3 Nc6 19. Bc3 Ra8 20. f4 d4 21.
Bd2 Be6 22. Bf3 Ra6 23. a3 Rb6 24. Rde1 Rgb8 25. Bxc6 Rxc6 26. Ne5+ Bxe5 27.
Rxe5 d3 28. Bc3 g6 29. cxd3 Rd8 30. Kd2 Rcd6 31. Re3 Bc4 32. Rgg3 c5 33. h5 Bb5
34. Kc2 R8d7 35. hxg6+ Rxg6 36. Rg5 Rxg5 37. fxg5 f4 38. Re5 Bxd3+ 39. Kc1 Bc4
40. Rxc5 Bb3 41. Bd2 Kg6 42. Re5 Rf7 43. Bc3 Rf5 44. Kd2 Rxe5 45. Bxe5 Kf5 46.
Bd4 Kxg5 47. Ke2 Bc4+ 48. Kf3 Bd5+ 49. Ke2 Bc4+ 50. Kf3 Bf1 51. Be5 Kf5 52.
Bxf4 Be2+ 53. Kg3 h5 54. Be3 Bd1 1/2-1/2

[Event "GBR-ch108 Major Open"]
[Site "Torquay"]
[Date "2022.08.18"]
[Round "6"]
[White "Sanger, Jake M"]
[Black "Volovich, Julia"]
[Result "0-1"]
[WhiteElo "1639"]
[BlackElo "1625"]
[PlyCount "81"]
[EventDate "2022.08.13"]
[EventType "swiss"]
[EventRounds "9"]
[EventCountry "GBR"]
[SourceTitle "BritBase"]
[Source "John Saunders"]
[SourceDate "2021.06.05"]
[SourceVersion "1"]
[SourceVersionDate "2021.06.05"]
[SourceQuality "1"]

1. c4 c5 2. Nc3 Nf6 3. g3 d5 4. cxd5 Nxd5 5. Bg2 Nxc3 6. bxc3 g6 7. Nf3 Bg7 8.
O-O O-O 9. Rb1 Qc7 10. Qb3 Nc6 11. Ba3 b6 12. d4 Bf5 13. Rbc1 Na5 14. Qb5 a6
15. Qa4 Bd7 16. Qc2 Nc4 17. Qb3 Nxa3 18. Qxa3 Qa7 19. Ne5 Bxe5 20. dxe5 Rad8
21. c4 Be6 22. f4 Rd2 23. Bf3 Rfd8 24. Kh1 R8d4 25. h4 Bxc4 26. Qe3 Bd5 27.
Bxd5 Rxd5 28. f5 Qb7 29. Kh2 Qb8 30. fxg6 hxg6 31. Qf3 Qf8 32. Rc2 Rxc2 33.
Qxd5 Rxe2+ 34. Kg1 e6 35. Qb7 b5 36. Qc7 c4 37. g4 Re4 38. Kh2 Qg7 39. Rf6 Rxg4
40. Kh3 Re4 41. Kg3 0-1

[Event "GBR-ch108 Major Open"]
[Site "Torquay"]
[Date "2022.08.18"]
[Round "6"]
[White "Duke, Dillan"]
[Black "Davis, Cameron"]
[Result "1/2-1/2"]
[WhiteElo "1237"]
[BlackElo "1487"]
[PlyCount "62"]
[EventDate "2022.08.13"]
[EventType "swiss"]
[EventRounds "9"]
[EventCountry "GBR"]
[SourceTitle "BritBase"]
[Source "John Saunders"]
[SourceDate "2021.06.05"]
[SourceVersion "1"]
[SourceVersionDate "2021.06.05"]
[SourceQuality "1"]

1. e4 c5 2. Nc3 g6 3. g3 Bg7 4. Bg2 Nc6 5. d3 d6 6. Be3 Rb8 7. Qd2 b5 8. Nge2
b4 9. Nd1 Nd4 10. h3 Nxe2 11. Qxe2 e6 12. O-O Ne7 13. f4 O-O 14. c3 Qa5 15. Qd2
Ba6 16. g4 f5 17. Rf2 Rfd8 18. d4 d5 19. exf5 cxd4 20. Bxd4 exf5 21. Bxg7 Kxg7
22. Qd4+ Kg8 23. Ne3 bxc3 24. bxc3 Bb7 25. Qe5 Re8 26. Qe6+ Kg7 27. gxf5 Qxc3
28. Qe5+ Qxe5 29. fxe5 gxf5 30. Nxf5+ Nxf5 31. Rxf5 d4 1/2-1/2

[Event "GBR-ch108 Major Open"]
[Site "Torquay"]
[Date "2022.08.18"]
[Round "6"]
[White "Humphreys, Jerry G"]
[Black "Khoury, Theo"]
[Result "0-1"]
[WhiteElo "1942"]
[BlackElo "1444"]
[PlyCount "54"]
[EventDate "2022.08.13"]
[EventType "swiss"]
[EventRounds "9"]
[EventCountry "GBR"]
[SourceTitle "BritBase"]
[Source "John Saunders"]
[SourceDate "2021.06.05"]
[SourceVersion "1"]
[SourceVersionDate "2021.06.05"]
[SourceQuality "1"]

1. c4 e5 2. Nc3 Nf6 3. g3 Bb4 4. Bg2 O-O 5. e3 Re8 6. Nge2 d6 7. O-O Nc6 8. d3
Bg4 9. Qc2 Qd7 10. Re1 Rad8 11. a3 Ba5 12. b4 Bb6 13. Bd2 a5 14. b5 Ne7 15. Na4
Bh3 16. Bh1 Ng6 17. d4 Qg4 18. f3 Qh5 19. c5 dxc5 20. dxc5 Bf5 21. e4 Bxe4 22.
fxe4 Ng4 23. Bg2 Qxh2+ 24. Kf1 Re6 25. cxb6 Rf6+ 26. Nf4 Qxg3 27. Qc3 Qf2# 0-1